Integrovaný systém riadenia nákladov podľa aktívít (ABC) a ekonomickej pridanej hodnoty (EVA)

Riadenie nákladov - ich význam pre efektívne riadenie podniku. Koncepcia riadenia nákladov podľa aktivít. Activity-Based Costing (ABC) - nová nákladová metóda. Economic Value Added - ukazovateľ finančnej výkonnosti. Výhody EVA. Integrovaný systém ABC a EVA - vytvorenie integrovaného systému na hodn...

Descripción completa

Guardado en:
Detalles Bibliográficos
Autor principal: Valenčáková, Eva
Otros Autores: Výrost, Tomáš, 1978-
Formato: Capítulo de libro
Lenguaje:eslovaco
Materias:
Etiquetas: Agregar Etiqueta
Sin Etiquetas, Sea el primero en etiquetar este registro!

MARC

LEADER 00000naa$a2200000$$$4500
001 0015508
005 20240502071402.0
041 0 |a slo 
044 |a SK 
245 1 0 |a Integrovaný systém riadenia nákladov podľa aktívít (ABC) a ekonomickej pridanej hodnoty (EVA)  |c Eva Valenčáková, Tomáš Výrost 
520 |a Riadenie nákladov - ich význam pre efektívne riadenie podniku. Koncepcia riadenia nákladov podľa aktivít. Activity-Based Costing (ABC) - nová nákladová metóda. Economic Value Added - ukazovateľ finančnej výkonnosti. Výhody EVA. Integrovaný systém ABC a EVA - vytvorenie integrovaného systému na hodnotenie nákladov a výkonnosti. Sedem krokov implementácie systému ABC a EVA. 
610 2 0 |a hospodárenie podnikové 
610 2 0 |a systém riadenia nákladov 
610 2 0 |a metóda ABC 
610 2 0 |a náklady 
610 2 0 |a riadenie 
610 2 0 |a náklady prevádzkové 
610 2 0 |a ukazovatele efektívnosti 
610 2 0 |a ukazovatele hodnotové 
610 2 0 |a výkonnosť 
610 2 0 |a hodnota podniku 
610 2 0 |a efektívnosť ekonomická 
610 2 0 |a metódy kalkulačné 
610 2 0 |a hodnota pridaná ekonomická 
100 1 |a Valenčáková, Eva 
700 1 |a Výrost, Tomáš, 1978-